HOMMES LES PLUS BEAUX DU MONDE - Statistiques

Statistiques générales
  • Ce quiz a été pris 296 fois
  • Le résultat moyen est 2 sur 15
Statistiques - réponses
Hint Réponse % Correct
1 Jude Bellingham
76%
3 Keith Power
13%
15 Francois Civil
12%
8 Charles Leclerc
11%
12 Lamine Yamal
10%
7 Koba la D
9%
4 Central Cee
8%
5 Neymar 2018
8%
6 Rudy Pankow
7%
13 Jobe Bellingham
4%
9 Hector Fort
3%
11 Michael B Joran
2%
14 Rsko
2%
10 Tchouameni
1%
2 Wesley Amavi
1%
Aucun quiz correspondant
Distribution des résultats
% des personnes avec chaque résultat
Percentile par nombre de réponses
Votre historique - résultats
Vous n’avez pas pris ce quiz